000 00425nam a22001217a 4500
082 _a220 PRO
100 _aMUHAMMAD NAQQASH MUHAMMAD FAISAL NAZAR MUHAMMAD WAQAS
_971212
245 _aPR-SOF-1741-DETECTION OF SUSPICIOUS CONTENT ON WEBSITES
260 _aISLAMABAD
_bNUST COLLEGE OF EME
_c2018
650 _a DE-COMP-36 DECLASS
700 _aPROJECT SUPERVISORS Dr. Shoab Ahmad Khan Dr. Wasi Haider Butt
_971213
942 _cCR
999 _c577855
_d577855